000 00758cab a2200217 4500
001 ABS49096
008 090401t1993 xxu||||| |||| 00| 0 eng d
035 _a(Sirsi) u69944
041 _aeng
100 _aPowell-Smith, V.
245 _aHelpful damages ruling
260 _c1993
350 _a0
490 _aContract Journal
_v396(5936) 5 August 1993, 12(1)
520 _aDiscusses "Philips Hong Kong Ltd v Attorney General of Hong Kong", (WB2923-10) which enabled the Privy Council to review the law of liquidated damages and reaffirm the classic guidelines provided by earlier decisions.
650 _aLIQUIDATED DAMAGES
650 _aPRIVY COUNCIL
690 _aBUILT ENVIRONMENT-BUILDING CONTRACT FORMS
942 _n0
948 _c04/03/1997
999 _c43991
_d43991